|
|
|
|
| LEADER |
00928Cam#a2200289#a#4500 |
| 001 |
023840 |
| 005 |
20160721160802.0 |
| 008 |
120621s2003||||ag # |#b #000|0#spa#d |
| 020 |
|
|
|a 950921745X
|
| 040 |
|
|
|a AR-BeUNQ
|
| 082 |
0 |
4 |
|a 100
|2 21
|
| 245 |
0 |
0 |
|a Filosofía, política, derecho :
|b homenaje a Enrique Marí
|c Roberto Bergalli, Claudio Martyniuk (compiladores).
|
| 260 |
|
|
|a Buenos Aires :
|b Prometeo,
|c c2003.
|
| 300 |
|
|
|a 372 p. ;
|c 23 cm.
|
| 504 |
|
|
|a Incluye referencias bibliográficas.
|
| 650 |
|
7 |
|a Filosofía
|2 spines
|
| 650 |
|
7 |
|a Epistemología
|2 spines
|
| 650 |
|
7 |
|a Verdad
|2 spines
|
| 650 |
|
7 |
|a Política
|2 spines
|
| 650 |
|
7 |
|a Derecho
|2 spines
|
| 650 |
|
7 |
|a Estado
|2 toit
|
| 653 |
|
|
|a Tecnociencia
|
| 700 |
1 |
|
|a Bergalli, Roberto,
|e comp.
|4 com
|
| 700 |
1 |
|
|a Martyniuk, Claudio,
|e comp.
|4 com
|
| 929 |
|
|
|a DONACION
|b Diego Golombek
|d 0
|e 20110223
|f PAT0037070
|g 1730
|j 47766
|
| 942 |
|
|
|c LIB
|n 0
|
| 999 |
|
|
|c 22479
|d 97866
|